[Event "EU-chT Seniors 07th"]
[Site "Dresden"]
[Date "2005.02.20"]
[Round "3"]
[White "Weise, Wolfgang"]
[Black "Pipitone, Antonio"]
[Result "1/2-1/2"]
[WhiteElo "2141"]
[BlackElo "2054"]
[EventDate "2005.02.18"]
[PlyCount "43"]

1.d4 Nf6 2.Nf3 d6 3.g3 g6 4.Bg2 Bg7 5.O-O O-O 6.c4 Nbd7 7.Nc3 e5 8.dxe5 
Nxe5 9.Nxe5 dxe5 10.Qxd8 Rxd8 11.Bg5 Rd4 12.Nd5 Nxd5 13.cxd5 e4 14.Rad1 f5
15.Bf4 c6 16.dxc6 bxc6 17.e3 Rxd1 18.Rxd1 Be6 19.b3 Bd5 20.Bf1 Kf7 21.Bc4 
Rd8 22.Bc7 1/2-1/2

[Event "EU-chT Seniors 07th"]
[Site "Dresden"]
[Date "2005.02.20"]
[Round "3"]
[White "Wicklund Hansen, Richard"]
[Black "Guenther, Egbert"]
[Result "1/2-1/2"]
[WhiteElo "2015"]
[BlackElo "1839"]
[EventDate "2005.02.18"]
[PlyCount "93"]

1.e4 c5 2.Nf3 Nf6 3.d3 Nc6 4.g3 e5 5.Bg2 d5 6.exd5 Nxd5 7.O-O Be7 8.Re1 f6
9.Nbd2 Be6 10.c3 Nc7 11.Nb3 c4 12.dxc4 Qxd1 13.Rxd1 Bxc4 14.Be3 Be6 15.Nc5
Bc8 16.Rd2 Ne6 17.Ne4 O-O 18.Rad1 f5 19.Nd6 e4 20.Nxc8 Raxc8 21.Ne1 Rfd8 
22.f3 Bc5 23.Nc2 Rxd2 24.Rxd2 exf3 25.Bxf3 Kf8 26.Kf1 Bxe3 27.Nxe3 g6 28.
Rd7 Rc7 29.Rd6 Ng5 30.Bg2 Ke7 31.Rd5 Ke6 32.g4 Ne5 33.gxf5+ gxf5 34.Rb5 b6
35.h4 Ne4 36.Bxe4 fxe4 37.Rb4 Rf7+ 38.Ke2 Rf4 39.Ng2 Rg4 40.Kf1 Nd3 41.Rc4
Nc5 42.b4 Nd7 43.Rc7 Rg3 44.Kf2 Rf3+ 45.Ke2 Kd6 46.Rc4 Ke5 47.Rc7 1/2-1/2

[Event "EU-chT Seniors 07th"]
[Site "Dresden"]
[Date "2005.02.20"]
[Round "3"]
[White "Wilson, Peter JB"]
[Black "Ehlert, Joachim"]
[Result "1/2-1/2"]
[WhiteElo "2123"]
[BlackElo "2031"]
[EventDate "2005.02.18"]
[PlyCount "31"]

1.e4 c5 2.Bc4 e6 3.Nf3 Nc6 4.d4 cxd4 5.Nxd4 a6 6.Bb3 Nf6 7.Nc3 Bb4 8.Nxc6 
bxc6 9.Qd3 O-O 10.Bg5 h6 11.Bh4 g5 12.Bg3 Bxc3+ 13.bxc3 d5 14.exd5 exd5 
15.O-O a5 16.Rfe1 1/2-1/2

[Event "EU-chT Seniors 07th"]
[Site "Dresden"]
[Date "2005.02.20"]
[Round "3"]
[White "Zanger, Konrad"]
[Black "Hentzschel, Erhard"]
[Result "1/2-1/2"]
[WhiteElo "1603"]
[BlackElo "1995"]
[EventDate "2005.02.18"]
[PlyCount "73"]

1.e4 e5 2.Nf3 Nc6 3.Bc4 Be7 4.c3 Nf6 5.d3 O-O 6.O-O d6 7.h3 Na5 8.Nbd2 
Nxc4 9.Nxc4 h6 10.Ne3 Nh7 11.Nd5 c6 12.Nxe7+ Qxe7 13.Nh2 f5 14.exf5 Bxf5 
15.Ng4 Kh8 16.Qe2 Qh4 17.f3 Rad8 18.Be3 a6 19.Rad1 Rd7 20.Qf2 Qh5 21.Qd2 
Qg6 22.Kh1 Rdf7 23.Qe2 h5 24.Nf2 Bc8 25.d4 exd4 26.Bxd4 d5 27.Nd3 Rf5 28.
Rde1 Nf6 29.Bxf6 R5xf6 30.Kh2 h4 31.Ne5 Qg3+ 32.Kh1 Re6 33.f4 Rxf4 34.Rxf4
Qxf4 35.Qh5+ Kg8 36.Qf3 Qxf3 37.Nxf3 1/2-1/2

[Event "EU-chT Seniors 07th"]
[Site "Dresden"]
[Date "2005.02.20"]
[Round "3"]
[White "Zunker, Reinhard"]
[Black "Weinwurm, Wolfgang"]
[Result "1-0"]
[WhiteElo "2233"]
[BlackElo "2126"]
[EventDate "2005.02.18"]
[PlyCount "51"]

1.e4 e5 2.Nf3 Nc6 3.Bb5 f5 4.Bxc6 dxc6 5.Qe2 fxe4 6.Qxe4 Bd6 7.Nxe5 Qe7 8.
d4 Nf6 9.Qe2 O-O 10.h3 c5 11.Nf3 Qf7 12.O-O Bf5 13.Ng5 Rae8 14.Nxf7 Rxe2 
15.Nxd6 cxd6 16.c3 Bd3 17.dxc5 dxc5 18.Nd2 Nd5 19.Nf3 Be4 20.Ng5 Bc2 21.c4
Nb4 22.Be3 b6 23.Ne6 Re8 24.Nf4 R2xe3 25.a3 Nc6 26.Rae1 1-0

[Event "EU-chT Seniors 07th"]
[Site "Dresden"]
[Date "2005.02.21"]
[Round "4"]
[White "Alexandria, Nana"]
[Black "Hecht, Hans Joachim"]
[Result "0-1"]
[WhiteElo "2336"]
[BlackElo "2381"]
[EventDate "2005.02.18"]
[PlyCount "73"]

1.d4 e6 2.c4 Nf6 3.Nf3 Bb4+ 4.Nbd2 O-O 5.a3 Be7 6.e4 d5 7.e5 Nfd7 8.cxd5 
exd5 9.b4 a5 10.b5 c5 11.Bd3 Re8 12.O-O Nf8 13.h3 Nbd7 14.a4 f6 15.exf6 
Bxf6 16.Ra3 Be7 17.Bb1 c4 18.Re3 Bd6 19.Rxe8 Qxe8 20.Re1 Qh5 21.Nf1 Nf6 
22.Bg5 Ne4 23.Bxe4 dxe4 24.Rxe4 Qg6 25.Qc2 Be6 26.Ne3 Rc8 27.d5 Bf5 28.
Nxf5 Qxf5 29.Re2 Qxd5 30.Rd2 Qe6 31.Be3 Ng6 32.Bd4 Nf4 33.Bc3 Bb4 34.Ng5 
Qg6 35.Qxg6 hxg6 36.Ne4 Re8 37.f3 0-1

[Event "EU-chT Seniors 07th"]
[Site "Dresden"]
[Date "2005.02.21"]
[Round "4"]
[White "Alter, Helmut"]
[Black "Eyer, Karl"]
[Result "1-0"]
[WhiteElo "1692"]
[BlackElo "1889"]
[EventDate "2005.02.18"]
[PlyCount "52"]

1.e4 b6 2.d4 Bb7 3.Bd3 e6 4.f4 f5 5.Qe2 fxe4 6.Bxe4 Bxe4 7.Qxe4 Nc6 8.Nf3 
Nf6 9.Qe2 Be7 10.O-O O-O 11.c3 Bd6 12.Ne5 Ne7 13.Be3 c6 14.Nd2 Qc7 15.Ndc4
b5 16.Nxd6 Qxd6 17.a3 a5 18.g3 Rfb8 19.b4 Qd5 20.Bd2 Rb7 21.Qf3 Ne4 22.Qd3
axb4 23.axb4 Rba7 24.Rad1 Ra2 25.Ng4 Nxd2 26.Ne3 Nf3+ 1-0

[Event "EU-chT Seniors 07th"]
[Site "Dresden"]
[Date "2005.02.21"]
[Round "4"]
[White "Anguera Maestro, Jaime"]
[Black "Golcman, Evgeny"]
[Result "1-0"]
[WhiteElo "2159"]
[BlackElo "2336"]
[EventDate "2005.02.18"]
[PlyCount "79"]

1.d4 f5 2.Nf3 Nf6 3.g3 g6 4.Bg2 Bg7 5.O-O O-O 6.c4 d6 7.Nc3 Nc6 8.Bg5 h6 
9.Bxf6 Bxf6 10.e4 Bg7 11.d5 Ne5 12.Nxe5 Bxe5 13.f4 Bg7 14.Re1 c6 15.Kh1 e6
16.exf5 gxf5 17.dxe6 Re8 18.Qd3 Bxe6 19.Rad1 Qa5 20.Ne2 Bxb2 21.g4 Qc5 22.
Ng3 Qxc4 23.Qxc4 Bxc4 24.Nxf5 d5 25.Nxh6+ Kf8 26.h4 Bg7 27.Nf5 Be2 28.Nd6 
Bxd1 29.Nxe8 Bxg4 30.Nxg7 Kxg7 31.Re7+ Kf6 32.Rxb7 Ke6 33.Rg7 Bf5 34.Kh2 
Rh8 35.Kg3 Rh7 36.Rg8 Kd6 37.Rf8 Bb1 38.a3 d4 39.Rf6+ Kd7 40.h5 1-0

[Event "EU-chT Seniors 07th"]
[Site "Dresden"]
[Date "2005.02.21"]
[Round "4"]
[White "Appelt, Gerd"]
[Black "Eis, Helko"]
[Result "0-1"]
[WhiteElo "2196"]
[BlackElo "2121"]
[EventDate "2005.02.18"]
[PlyCount "68"]

1.d4 d6 2.e4 Nf6 3.Nc3 c6 4.Nf3 Qa5 5.Bd2 e5 6.Nd5 Qd8 7.Nxf6+ gxf6 8.c3 
Be6 9.Be3 Qc7 10.Nh4 d5 11.exd5 cxd5 12.Bb5+ Nc6 13.Qf3 O-O-O 14.O-O h5 
15.Qe2 Be7 16.f3 f5 17.Bf2 Bf6 18.Bxc6 bxc6 19.dxe5 Bxe5 20.f4 Bf6 21.Nf3 
Rde8 22.Qa6+ Kb8 23.Bd4 Bxd4+ 24.cxd4 Bc8 25.Qa4 f6 26.Rac1 Bd7 27.Rc3 Re4
28.Nd2 Re2 29.Nb3 Rg8 30.g3 h4 31.Nc5 Bc8 32.b4 hxg3 33.hxg3 Rh8 34.Rc2 
Rh1+ 0-1

[Event "EU-chT Seniors 07th"]
[Site "Dresden"]
[Date "2005.02.21"]
[Round "4"]
[White "Barlocco, Carlo"]
[Black "James, Geoffrey H"]
[Result "1/2-1/2"]
[WhiteElo "2156"]
[BlackElo "2208"]
[EventDate "2005.02.18"]
[PlyCount "68"]

1.g3 e5 2.Bg2 d6 3.e4 g6 4.Ne2 Bg7 5.O-O Ne7 6.d4 O-O 7.Nbc3 exd4 8.Nxd4 
Nbc6 9.Nde2 Be6 10.Re1 Qd7 11.Nf4 Ne5 12.Nxe6 Qxe6 13.Nd5 Nxd5 14.exd5 Qf5
15.Qe2 Rfe8 16.Be3 a6 17.Rad1 Qg4 18.Bc1 Qxe2 19.Rxe2 Ng4 20.Rde1 Kf8 21.
h3 Nf6 22.f4 Nd7 23.Kf2 Rxe2+ 24.Rxe2 Re8 25.Rxe8+ Kxe8 26.Ke2 f5 27.c3 
Nc5 28.Kd2 b5 29.Kc2 Ke7 30.Be3 h6 31.Bf3 Bf6 32.h4 h5 33.Bd2 Bg7 34.Bg2 
Kd7 1/2-1/2

[Event "EU-chT Seniors 07th"]
[Site "Dresden"]
[Date "2005.02.21"]
[Round "4"]
[White "Barnstedt, Dietrich"]
[Black "Rovenski, Evjenij"]
[Result "1/2-1/2"]
[WhiteElo "2147"]
[BlackElo "2275"]
[EventDate "2005.02.18"]
[PlyCount "85"]

1.d4 d5 2.Nf3 e6 3.Nbd2 Nf6 4.e3 b6 5.Bd3 Bb7 6.O-O Bd6 7.Ne5 Qe7 8.f4 Ne4
9.Qf3 f5 10.Qh5+ g6 11.Qh6 Bxe5 12.fxe5 Nc6 13.c4 O-O-O 14.cxd5 exd5 15.a3
Qg5 16.Qxg5 Nxg5 17.b4 Ne6 18.g3 Kb8 19.Nb3 Ne7 20.a4 h5 21.b5 Ng8 22.Ba3 
Rd7 23.Rac1 Nh6 24.a5 h4 25.a6 Ba8 26.Be2 hxg3 27.hxg3 Rdh7 28.Kg2 Ng4 29.
Bxg4 fxg4 30.Rh1 Rxh1 31.Rxh1 Rxh1 32.Kxh1 c6 33.Nc1 cxb5 34.Nd3 Nc7 35.
Bd6 Kc8 36.Nb4 Ne8 37.Bf8 Kd7 38.Kg1 Ke6 39.Kf2 Kf7 40.Bh6 Nc7 41.Bg5 Ne6 
42.Bf6 Nf8 43.Bd8 1/2-1/2

[Event "EU-chT Seniors 07th"]
[Site "Dresden"]
[Date "2005.02.21"]
[Round "4"]
[White "Baumbach, Friedrich"]
[Black "Kelchner, Hans"]
[Result "1-0"]
[WhiteElo "2279"]
[BlackElo "2149"]
[EventDate "2005.02.18"]
[PlyCount "77"]

1.d4 Nf6 2.c4 e6 3.Nc3 Bb4 4.Qc2 c5 5.dxc5 Na6 6.Nf3 Nxc5 7.Bd2 O-O 8.e3 
b6 9.Be2 Bb7 10.O-O Rc8 11.Rfd1 Qe7 12.Nb5 Bxd2 13.Qxd2 d5 14.Nxa7 Ra8 15.
Nb5 Nce4 16.Qd4 dxc4 17.Bxc4 Ng4 18.Qd7 Qxd7 19.Rxd7 Bc6 20.Rc7 Bxb5 21.
Bxb5 Rfd8 22.a4 Rac8 23.Rxc8 Rxc8 24.b4 Nc3 25.Bf1 Nd5 26.a5 Ra8 27.a6 
Nxb4 28.Ra4 Nxa6 29.Rxa6 Rb8 30.Bb5 Nf6 31.Bc6 Kf8 32.Nd4 Ke7 33.Nb5 Nd5 
34.Ra7+ Kf6 35.g4 Nb4 36.Bf3 Kg6 37.h4 f6 38.Nd6 Rd8 39.h5+ 1-0

[Event "EU-chT Seniors 07th"]
[Site "Dresden"]
[Date "2005.02.21"]
[Round "4"]
[White "Boehlig, Heinz"]
[Black "Weinwurm, Wolfgang"]
[Result "0-1"]
[WhiteElo "2256"]
[BlackElo "2126"]
[EventDate "2005.02.18"]
[PlyCount "102"]

1.Nf3 Nf6 2.c4 g6 3.Nc3 Bg7 4.g3 O-O 5.Bg2 d6 6.d4 Nc6 7.O-O a6 8.h3 Rb8 
9.e4 Nd7 10.Be3 Na5 11.b3 b5 12.cxb5 axb5 13.Rc1 b4 14.Na4 Ba6 15.Re1 c6 
16.Qd2 Re8 17.Bh6 e5 18.Bxg7 Kxg7 19.Red1 Nf6 20.dxe5 dxe5 21.Qb2 Qe7 22.
Nc5 Bc8 23.Qc2 Rb6 24.Bf1 Qc7 25.Qd3 Re7 26.Qe3 Nd7 27.Nxd7 Rxd7 28.Rxd7 
Bxd7 29.Nxe5 Be6 30.Qd4 f6 31.Ng4 Bxg4 32.hxg4 h6 33.Rd1 Rb7 34.Rc1 Qe7 
35.Rc5 Rd7 36.Qe3 Nb7 37.Rxc6 Nd6 38.Bd3 Qe5 39.Rc5 Qa1+ 40.Kg2 Nf7 41.Bc4
Ne5 42.Bd5 Nxg4 43.Qd2 h5 44.Rc1 Qe5 45.Rc4 h4 46.Qf4 h3+ 47.Kxh3 Qh5+ 48.
Kg2 Qh2+ 49.Kf1 Ne5 50.Rc8 Qh3+ 51.Ke2 Rxd5 0-1

[Event "EU-chT Seniors 07th"]
[Site "Dresden"]
[Date "2005.02.21"]
[Round "4"]
[White "Boehnisch, Manfred"]
[Black "Opl, Klaus"]
[Result "0-1"]
[WhiteElo "2364"]
[BlackElo "2324"]
[EventDate "2005.02.18"]
[PlyCount "98"]

1.d4 Nf6 2.c4 e6 3.Nf3 d5 4.Nc3 Bb4 5.e3 O-O 6.Qc2 c5 7.a3 Bxc3+ 8.bxc3 
Nc6 9.Bd3 Qc7 10.O-O dxc4 11.Bxc4 e5 12.Bb5 e4 13.Bxc6 bxc6 14.Ne5 Re8 15.
Bb2 Rb8 16.Rfb1 Be6 17.c4 Bc8 18.Qa4 cxd4 19.exd4 e3 20.fxe3 Bf5 21.Rf1 
Be4 22.Bc3 c5 23.Ra2 Re7 24.Raf2 h5 25.h3 Rb7 26.Qd1 Rb1 27.Qa4 Qb8 28.Rf4
Qb3 29.Qxb3 Rxb3 30.Ba1 Rxa3 31.d5 Rb7 32.Nc6 Ra2 33.R4f2 Rxf2 34.Kxf2 Nd7
35.Rd1 f6 36.Rd2 Nb8 37.Na5 Rb4 38.Bc3 Ra4 39.Rb2 Nd7 40.Kg3 Nb6 41.Rb5 
Nxc4 42.Rxc5 Nxe3 43.Nc6 Nf5+ 44.Kf2 Ra2+ 45.Ke1 Rxg2 46.Nxa7 Bf3 47.Rc8+ 
Kf7 48.Rc7+ Kg6 49.Ba5 Ne3 0-1

[Event "EU-chT Seniors 07th"]
[Site "Dresden"]
[Date "2005.02.21"]
[Round "4"]
[White "Bold, Konrad"]
[Black "Brameyer, Hermann"]
[Result "1/2-1/2"]
[WhiteElo "2161"]
[BlackElo "2272"]
[EventDate "2005.02.18"]
[PlyCount "59"]

1.e4 c5 2.c3 d6 3.d4 Nf6 4.Bd3 Qc7 5.Nf3 Bg4 6.O-O e6 7.Be3 Be7 8.h3 Bh5 
9.Nbd2 Nc6 10.Re1 Rc8 11.Nf1 Bg6 12.Ng3 cxd4 13.cxd4 d5 14.e5 Ne4 15.Bxe4 
dxe4 16.Nd2 Rd8 17.Qa4 Bb4 18.Rad1 Bxd2 19.Rxd2 O-O 20.Red1 Qa5 21.Qxa5 
Nxa5 22.b3 Rd5 23.Ne2 Nc6 24.Nf4 Ra5 25.d5 Nxe5 26.dxe6 fxe6 27.Nxe6 Rc8 
28.Nf4 Bf7 29.Bd4 Nc6 30.Bc3 1/2-1/2

[Event "EU-chT Seniors 07th"]
[Site "Dresden"]
[Date "2005.02.21"]
[Round "4"]
[White "Chaikovskaia, Alla"]
[Black "Malich, Burkhard"]
[Result "0-1"]
[WhiteElo "2031"]
[BlackElo "2367"]
[EventDate "2005.02.18"]
[PlyCount "122"]

1.d4 d5 2.c4 c6 3.Nc3 Nf6 4.Nf3 a6 5.a4 e6 6.Bg5 Nbd7 7.cxd5 exd5 8.e3 Be7
9.Bd3 a5 10.O-O O-O 11.h3 Re8 12.Qc2 Nf8 13.Ne5 N6d7 14.Bxe7 Qxe7 15.Nxd7 
Bxd7 16.Rae1 Qb4 17.Ra1 Re7 18.Ra3 Qd6 19.Ne2 Be8 20.Rb3 g6 21.Qc5 Qd8 22.
Nf4 Nd7 23.Qd6 Nf8 24.Qc5 f6 25.h4 Bf7 26.Qc2 Kg7 27.Rc3 Qd6 28.Rc5 Rc7 
29.Rc1 Re7 30.Qd2 Qd8 31.g4 Nd7 32.R5c3 Nb6 33.b3 Nc8 34.f3 Nd6 35.Re1 Qb6
36.Kf2 Qb4 37.Bc2 Qb6 38.Kg3 Qc7 39.Kg2 Qd8 40.Rh1 Bg8 41.Qf2 Qe8 42.g5 
fxg5 43.hxg5 Nf7 44.Nh3 Qd7 45.Qg3 Rae8 46.f4 Nd6 47.Nf2 Nf5 48.Bxf5 Qxf5 
49.Ng4 Qe4+ 50.Kh2 Rf8 51.Ne5 Be6 52.Rg1 Rh8 53.Qg2 h6 54.Qxe4 hxg5+ 55.
Kg2 dxe4 56.fxg5 Rh5 57.Kf2 Re8 58.Rcc1 Rf8+ 59.Ke1 Rh2 60.Ng4 Bxg4 61.
Rxg4 Rh1+ 0-1

[Event "EU-chT Seniors 07th"]
[Site "Dresden"]
[Date "2005.02.21"]
[Round "4"]
[White "Crombleholme, Alan"]
[Black "Schwier, Manfred"]
[Result "1-0"]
[WhiteElo "2098"]
[BlackElo "2142"]
[EventDate "2005.02.18"]
[PlyCount "87"]

1.d4 d5 2.c4 e6 3.Nc3 f5 4.Bf4 c6 5.e3 Nf6 6.Qc2 Be7 7.Nf3 O-O 8.Bd3 Bd7 
9.h3 Na6 10.a3 Qe8 11.g4 dxc4 12.Bxc4 b5 13.Be2 Nd5 14.Be5 Rc8 15.gxf5 
exf5 16.Rg1 Bf6 17.Nxd5 cxd5 18.Qb3 Bc6 19.Bd6 Rf7 20.Ne5 Bxe5 21.Bxe5 Nc5
22.Qd1 Nd7 23.Bf4 Qe6 24.Rc1 Nb6 25.Qb3 a5 26.Bh5 Rb7 27.Qd3 Nc4 28.Rc2 a4
29.Qc3 Nb6 30.Qb4 Qe4 31.Kd1 Nc4 32.Be2 Be8 33.Kc1 Bc6 34.Rc3 Bd7 35.f3 
Qe8 36.Bxc4 dxc4 37.Be5 Be6 38.Rc2 Rf7 39.Rcg2 g6 40.Qe1 Rb7 41.Qh4 Bf7 
42.Qf6 Bd5 43.Rxg6+ hxg6 44.Rxg6+ 1-0

[Event "EU-chT Seniors 07th"]
[Site "Dresden"]
[Date "2005.02.21"]
[Round "4"]
[White "Duemmke, Juergen"]
[Black "Schenk, Manfred"]
[Result "0-1"]
[WhiteElo "2136"]
[BlackElo "2177"]
[EventDate "2005.02.18"]
[PlyCount "154"]

1.Nf3 d5 2.g3 Nf6 3.Bg2 g6 4.c4 c6 5.b3 Bg7 6.Bb2 O-O 7.O-O Nbd7 8.d3 Re8 
9.Nc3 e5 10.cxd5 cxd5 11.Qc2 a6 12.e3 b6 13.d4 e4 14.Ne5 Bb7 15.Rfd1 Rc8 
16.Bh3 Rc7 17.Qe2 Nf8 18.Na4 Qd6 19.Rac1 Rxc1 20.Rxc1 Ne6 21.Qc2 Ng5 22.
Bg2 Rc8 23.Qd2 Rxc1+ 24.Qxc1 Bf8 25.h4 Ne6 26.Bh3 Ne8 27.Nc3 f6 28.Ng4 h5 
29.Nh2 f5 30.Ne2 Bc6 31.Bf1 Bb5 32.Nf4 Bxf1 33.Nxe6 Qxe6 34.Qxf1 Qc8 35.
Qe2 Bd6 36.Nf1 b5 37.Kg2 Qc6 38.Qd1 Nc7 39.a4 Kf7 40.Nd2 Ke6 41.f3 Ne8 42.
fxe4 fxe4 43.axb5 axb5 44.Qc1 Qxc1 45.Bxc1 b4 46.Nf1 Nc7 47.Kh3 Kf5 48.Nh2
Nb5 49.g4+ Kf6 50.Nf1 Na3 51.Ng3 hxg4+ 52.Kxg4 Nc2 53.Nf1 Na1 54.Nd2 Bh2 
55.Bb2 Nc2 56.Nf1 Bg1 57.Kf4 Bf2 58.Bc1 Bxh4 59.Bd2 Bf2 60.Kg4 g5 61.Kh3 
Kf5 62.Kg2 Bh4 63.Kh3 Kg6 64.Nh2 Kf5 65.Ng4 Be1 66.Bxe1 Nxe1 67.Ne5 Nc2 
68.Nc6 Nxe3 69.Nxb4 Kf4 70.Kh2 g4 71.Kg1 Kf3 72.Na2 Nc2 73.Nc3 Nxd4 74.
Nxd5 Nxb3 75.Nc3 e3 76.Kf1 Nd2+ 77.Kg1 Ne4 0-1

[Event "EU-chT Seniors 07th"]
[Site "Dresden"]
[Date "2005.02.21"]
[Round "4"]
[White "Ehlert, Joachim"]
[Black "Guenther, Egbert"]
[Result "1/2-1/2"]
[WhiteElo "2031"]
[BlackElo "1839"]
[EventDate "2005.02.18"]
[PlyCount "25"]

1.e4 e6 2.d4 d5 3.exd5 exd5 4.Bd3 Bd6 5.Nf3 Nf6 6.O-O O-O 7.h3 Nc6 8.c3 
Ne7 9.Be3 Bf5 10.Bxf5 Nxf5 11.Bg5 h6 12.Qd3 hxg5 13.Qxf5 1/2-1/2

[Event "EU-chT Seniors 07th"]
[Site "Dresden"]
[Date "2005.02.21"]
[Round "4"]
[White "Flockhart, Hugh"]
[Black "Eskandary, Jahja"]
[Result "0-1"]
[WhiteElo "1934"]
[BlackElo "2146"]
[EventDate "2005.02.18"]
[PlyCount "100"]

1.e4 e5 2.Bc4 Nc6 3.Nf3 Bc5 4.c3 Qe7 5.d3 d6 6.Nbd2 a6 7.Bb3 Be6 8.Nc4 h6 
9.O-O Ba7 10.Be3 b5 11.Ncd2 Bxe3 12.fxe3 Nf6 13.Qe1 O-O 14.Nh4 Rfd8 15.Nf5
Bxf5 16.Rxf5 Na5 17.Bc2 c5 18.Qe2 Qe6 19.Raf1 Qxa2 20.Rxf6 gxf6 21.Qg4+ 
Kf8 22.Qh5 Ke7 23.Qxh6 Kd7 24.Qxf6 Qe6 25.Qxf7+ Qxf7 26.Rxf7+ Ke6 27.Rh7 
Rh8 28.Rc7 b4 29.Nb3 Nxb3 30.Bxb3+ Kf6 31.Bd5 bxc3 32.bxc3 Rab8 33.Rc6 
Rhd8 34.Rxa6 Rb1+ 35.Kf2 Rc1 36.d4 Rxc3 37.dxe5+ Kxe5 38.Ra7 Rf8+ 39.Ke2 
Rc2+ 40.Kd3 Rff2 41.Re7+ Kf6 42.Rf7+ Kg6 43.Rxf2 Rxf2 44.e5 dxe5 45.Be4+ 
Kf6 46.Kc4 Re2 47.Kxc5 Rxe3 48.Kd5 Ra3 49.h3 Ra4 50.h4 Rd4+ 0-1

[Event "EU-chT Seniors 07th"]
[Site "Dresden"]
[Date "2005.02.21"]
[Round "4"]
[White "Hamm, Georg"]
[Black "Mann, Klaus Dieter"]
[Result "1/2-1/2"]
[WhiteElo "2166"]
[BlackElo "2077"]
[EventDate "2005.02.18"]
[PlyCount "80"]

1.d4 g6 2.e4 d6 3.c4 Bg7 4.Nc3 Nd7 5.Nge2 e5 6.d5 a5 7.Ng3 Ngf6 8.Be3 O-O 
9.Be2 h6 10.Qd2 Kh7 11.h4 Ne8 12.Nf5 Bf6 13.Bg4 Nc5 14.Bh3 b6 15.Qc2 Ng7 
16.Nxg7 Kxg7 17.Bxc8 Qxc8 18.f3 Be7 19.g4 Qd7 20.b3 Ra6 21.Ke2 Rfa8 22.
Rhb1 Kg8 23.a3 Bd8 24.Nb5 Qc8 25.Rb2 Nd7 26.Rba2 Qb7 27.Kf2 Be7 28.b4 Kf8 
29.Bd2 Ke8 30.Kg3 Kd8 31.Kh3 axb4 32.axb4 Nb8 33.Ra4 Rxa4 34.Rxa4 Ra6 35.
Qa2 Rxa4 36.Qxa4 Qa6 37.Qxa6 Nxa6 38.Kg2 Kc8 39.Na7+ Kb7 40.Nc6 Bf6 
1/2-1/2

[Event "EU-chT Seniors 07th"]
[Site "Dresden"]
[Date "2005.02.21"]
[Round "4"]
[White "Hampel, Johannes"]
[Black "Wicklund Hansen, Richard"]
[Result "1-0"]
[WhiteElo "2188"]
[BlackElo "2015"]
[EventDate "2005.02.18"]
[PlyCount "77"]

1.d4 Nc6 2.Nf3 d5 3.Bf4 Bg4 4.Nbd2 e6 5.h3 Bh5 6.e3 Bd6 7.Be2 Bxf4 8.exf4 
Bg6 9.c3 h6 10.Qa4 Ne7 11.Ne5 Bh7 12.Bb5 Qd6 13.c4 dxc4 14.Ndxc4 Qd5 15.
O-O Be4 16.Ne3 Qd6 17.f3 Bd5 18.Nxd5 Qxd5 19.Rac1 O-O 20.Bxc6 Nxc6 21.Nxc6
bxc6 22.Rxc6 Rfd8 23.Rxc7 Qxd4+ 24.Qxd4 Rxd4 25.Rfc1 Rdd8 26.Rb7 Rdb8 27.
Rcc7 Rxb7 28.Rxb7 a5 29.a4 g6 30.Kf2 Rc8 31.g4 Rc4 32.b3 Rxf4 33.Rb5 h5 
34.Rxa5 hxg4 35.hxg4 f5 36.Ke3 g5 37.gxf5 exf5 38.Rb5 Rh4 39.Rxf5 1-0

[Event "EU-chT Seniors 07th"]
[Site "Dresden"]
[Date "2005.02.21"]
[Round "4"]
[White "Harzer, Paul"]
[Black "Schenk, Dieter"]
[Result "1/2-1/2"]
[WhiteElo "2123"]
[BlackElo "2000"]
[EventDate "2005.02.18"]
[PlyCount "45"]

1.d4 d5 2.e3 e6 3.Bd3 Nf6 4.Nd2 Bd6 5.c3 Nbd7 6.f4 b6 7.Qf3 Bb7 8.Nh3 c5 
9.O-O Qc8 10.Re1 O-O 11.Nf2 Qc7 12.Nf1 a6 13.g4 g6 14.Ng3 Be7 15.Bd2 b5 
16.Rac1 Qb6 17.Bb1 Rac8 18.a3 a5 19.b4 cxb4 20.cxb4 axb4 21.Bxb4 Bxb4 22.
axb4 Rc4 23.g5 1/2-1/2

[Event "EU-chT Seniors 07th"]
[Site "Dresden"]
[Date "2005.02.21"]
[Round "4"]
[White "Haug, Kjell Martin"]
[Black "Schroeter, Helmut"]
[Result "1/2-1/2"]
[WhiteElo "1985"]
[BlackElo "1969"]
[EventDate "2005.02.18"]
[PlyCount "56"]

1.c4 Nf6 2.Nc3 g6 3.b3 Bg7 4.Bb2 O-O 5.Nf3 d6 6.d3 Nc6 7.e4 e5 8.Be2 Nh5 
9.O-O Nf4 10.Nd5 Nxe2+ 11.Qxe2 Ne7 12.Nxe7+ Qxe7 13.h3 Bd7 14.Rac1 Rae8 
15.Rc2 f5 16.exf5 Rxf5 17.Nd2 Be6 18.Ne4 Qh4 19.Bc1 h6 20.Qg4 Qxg4 21.hxg4
Rf7 22.f3 b5 23.a3 Rb8 24.b4 g5 25.Re1 Rb7 26.Ng3 Rf8 27.Nf5 Kf7 28.Nxg7 
Kxg7 1/2-1/2

[Event "EU-chT Seniors 07th"]
[Site "Dresden"]
[Date "2005.02.21"]
[Round "4"]
[White "Hentzschel, Erhard"]
[Black "Reinholz, Siegfried"]
[Result "1/2-1/2"]
[WhiteElo "1995"]
[BlackElo "2098"]
[EventDate "2005.02.18"]
[PlyCount "43"]

1.e4 e5 2.f4 Bc5 3.Nf3 d6 4.Bc4 Nc6 5.c3 h6 6.b4 Bb6 7.Qb3 Qf6 8.f5 g6 9.
a4 gxf5 10.d3 a6 11.a5 Ba7 12.Na3 Nge7 13.Ra2 Be6 14.Rf1 Bxc4 15.Nxc4 O-O 
16.exf5 Nxf5 17.g4 Ng7 18.h4 Qg6 19.g5 e4 20.dxe4 hxg5 21.Nxg5 Qh5 22.Rh2 
1/2-1/2

[Event "EU-chT Seniors 07th"]
[Site "Dresden"]
[Date "2005.02.21"]
[Round "4"]
[White "Hesse, Manfred"]
[Black "Kalmutzki, Manfred"]
[Result "1/2-1/2"]
[WhiteElo "1892"]
[BlackElo "1729"]
[EventDate "2005.02.18"]
[PlyCount "39"]

1.c4 e6 2.Nc3 d5 3.d4 f5 4.Bf4 Bd6 5.e3 Nf6 6.Nf3 O-O 7.Bxd6 Qxd6 8.c5 Qe7
9.Bd3 c6 10.O-O Nbd7 11.b4 Ne4 12.Ne2 e5 13.Qc2 Rf6 14.a4 Rh6 15.g3 g5 16.
Ne1 Qf7 17.f3 Qh5 18.Nc1 Nxg3 19.Rf2 e4 20.Rg2 1/2-1/2

[Event "EU-chT Seniors 07th"]
[Site "Dresden"]
[Date "2005.02.21"]
[Round "4"]
[White "Hohler, Peter"]
[Black "Franz, Joachim"]
[Result "0-1"]
[WhiteElo "2248"]
[BlackElo "2209"]
[EventDate "2005.02.18"]
[PlyCount "66"]

1.Nf3 f5 2.d3 Nf6 3.e4 d6 4.e5 dxe5 5.Nxe5 Nbd7 6.f4 e6 7.Be2 Bd6 8.Nc4 
O-O 9.Nc3 Nb6 10.Nxd6 cxd6 11.d4 Bd7 12.O-O Rc8 13.Bf3 Bc6 14.Qe1 Re8 15.
Kh1 Qd7 16.b3 Bxf3 17.Rxf3 Nbd5 18.Bb2 Qc6 19.Rc1 Nxc3 20.Qxc3 Qxc3 21.
Bxc3 Rc6 22.Bb2 Rec8 23.c3 b5 24.Kg1 d5 25.Rf2 Ne4 26.Rfc2 Kf7 27.Kf1 b4 
28.Ke2 bxc3 29.Ba1 h6 30.Kd3 g5 31.fxg5 hxg5 32.Bxc3 g4 33.Bd2 Nf2+ 0-1

[Event "EU-chT Seniors 07th"]
[Site "Dresden"]
[Date "2005.02.21"]
[Round "4"]
[White "Johannessen, Svein"]
[Black "Thiessen, Klaus Hinrich"]
[Result "1/2-1/2"]
[WhiteElo "2291"]
[BlackElo "2237"]
[EventDate "2005.02.18"]
[PlyCount "30"]

1.Nf3 d5 2.b3 Bf5 3.Bb2 e6 4.g3 h6 5.Bg2 Nf6 6.O-O Nbd7 7.d3 c6 8.Nbd2 Bc5
9.e4 Bh7 10.Qe2 O-O 11.e5 Ne8 12.h4 Qe7 13.a3 f5 14.exf6 Nexf6 15.Bh3 Bf5 
1/2-1/2

[Event "EU-chT Seniors 07th"]
[Site "Dresden"]
[Date "2005.02.21"]
[Round "4"]
[White "Just, Joachim"]
[Black "Perk, Egbert"]
[Result "1/2-1/2"]
[WhiteElo "2159"]
[BlackElo "1980"]
[EventDate "2005.02.18"]
[PlyCount "51"]

1.Nf3 Nf6 2.d4 d6 3.g3 Nbd7 4.Bg2 e5 5.O-O c6 6.c4 Be7 7.Nc3 O-O 8.e4 Re8 
9.h3 Bf8 10.Qc2 b6 11.b3 Bb7 12.Bb2 g6 13.Rad1 Qc7 14.Rfe1 Rac8 15.dxe5 
dxe5 16.Bc1 Nc5 17.Be3 h6 18.Re2 Rcd8 19.Red2 Rxd2 20.Rxd2 Kh7 21.Nh2 Ne6 
22.Qd1 Bb4 23.Rd3 Rd8 24.Qc2 Rxd3 25.Qxd3 Qd6 26.Qxd6 1/2-1/2

[Event "EU-chT Seniors 07th"]
[Site "Dresden"]
[Date "2005.02.21"]
[Round "4"]
[White "Kahn, Manfred"]
[Black "Taksrud, Vidar"]
[Result "1-0"]
[WhiteElo "2162"]
[BlackElo "2025"]
[EventDate "2005.02.18"]
[PlyCount "81"]

1.c4 e5 2.Nc3 Nf6 3.Nf3 Nc6 4.a3 d6 5.d4 e4 6.Ng5 Bf5 7.g3 h6 8.Nh3 Qd7 9.
Nf4 O-O-O 10.Bg2 Re8 11.Nfd5 Nxd5 12.Nxd5 Bh3 13.Bxh3 Qxh3 14.Nf4 Qf5 15.
d5 Nb8 16.Qa4 Qd7 17.Qxa7 g5 18.Ng2 Bg7 19.Bd2 f5 20.h4 Bf6 21.Rc1 Rhg8 
22.Bc3 Bxc3+ 23.Rxc3 Qf7 24.Rb3 c5 25.dxc6 Nxc6 26.Qa8+ Nb8 27.Ne3 Re5 28.
Nd5 Rxd5 29.cxd5 Qxd5 30.Rc3+ Kd7 31.Qa4+ Nc6 32.hxg5 e3 33.Rxh6 Qd2+ 34.
Kf1 exf2 35.Kxf2 Qxg5 36.Rh7+ Ke6 37.Re3+ Kf6 38.Rxb7 Ne5 39.Qd4 Ke6 40.
Rxe5+ dxe5 41.Qd7+ 1-0

[Event "EU-chT Seniors 07th"]
[Site "Dresden"]
[Date "2005.02.21"]
[Round "4"]
[White "Karl, Hans"]
[Black "Staller, Peter"]
[Result "1/2-1/2"]
[WhiteElo "2284"]
[BlackElo "2279"]
[EventDate "2005.02.18"]
[PlyCount "27"]

1.d4 Nf6 2.c4 e6 3.Nf3 Bb4+ 4.Bd2 Qe7 5.Nc3 b6 6.e3 Bb7 7.Be2 O-O 8.O-O 
Bxc3 9.Bxc3 Ne4 10.Rc1 a5 11.Nd2 Nxd2 12.Qxd2 d6 13.f4 Nd7 14.Rce1 1/2-1/2